|
|
|
|
| LEADER |
00000ny a22000003n 4500 |
| 005 |
20110622103927.0 |
| 008 |
051201s2005 ag 00||0 spa d |
| 020 |
|
|
|a 9788495823915
|
| 020 |
|
|
|a 9789875073067
|
| 035 |
|
|
|a 2554
|
| 040 |
|
|
|a Mpons
|d vLex
|
| 090 |
|
|
|c 985
|d 985
|
| 100 |
1 |
|
|a Koskenniemi, Martti
|
| 245 |
1 |
3 |
|a El discreto civilizador de naciones
|h [Recurso electrn̤ico]
|b el auge y la cad̕a del Derecho internacional : 1870-1960 /
|c Martti Koskenniemi ; traduccin̤, Natalia Zaragoz ̀Garca̕ ; revisin̤ de la traduccin̤, Paula Alberro y Fernando Falcn̤ y Tella
|
| 256 |
|
|
|a Servicio en ln̕ea
|
| 260 |
|
|
|a Madrid :
|b Universidad Complutense,
|c 2005
|
| 300 |
|
|
|a 531 p. ;
|c 24 cm
|
| 506 |
1 |
|
|a Contenido solo disponible en los productos indicados
|d vLex Global
|d vLex Global (Academic Edition, excluding Law Schools)
|d vLex Global (U.S. Academic Edition, Law Schools)
|d vLex Global (U.S. Academic Edition, excluding Law Schools)
|d vLex Global (Academic Edition, Law Schools)
|
| 650 |
0 |
4 |
|a Derecho internacional
|
| 700 |
1 |
|
|a Alberro, Paula,
|e trad.
|
| 700 |
1 |
|
|a Falcn̤ y Tella, Fernando,
|e trad.
|
| 700 |
1 |
|
|a Zaragoza Garca̕, Natalia,
|e trad.
|
| 740 |
0 |
|
|a vLex Libros (Servicios en ln̕ea)
|
| 856 |
4 |
0 |
|z Acceso restringido
|u http://vlex.com/source/2554
|
| 942 |
|
|
|c BOOK
|